| 000 | 01127nam a22002297a 4500 | ||
|---|---|---|---|
| 003 | OSt | ||
| 005 | 20260122083810.0 | ||
| 008 | 260122b |||||||| |||| 00| 0 eng d | ||
| 020 | _a9789710072613 | ||
| 040 |
_aDWCL GS lib _cOC |
||
| 082 | _aProf. 248 S194 2021 | ||
| 100 | _aSANCHEZ, BO | ||
| 245 |
_aFIND YOUR SURRENDERED PLACE : _bHow to Have Inner Peace Amidst Life's Storms and Overwhelming Stress / _cBO SANCHEZ |
||
| 260 |
_aQuezon City, Philippines _bShepherd's Voice Publications, Inc. _cc2021. |
||
| 300 |
_avii, 103 pages: _billustrations ; _c23cm. |
||
| 520 | _aBo Sanchez's "Find Your Surrendered Place" is about discovering deep inner peace by letting go of worries, expectations, and control, a lesson he learned during a near-death experience with COVID-19, teaching readers to surrender their lives, fears, and attachments to God for true calm amidst life's storms. It's a spiritual journey to a state where anxiety fades by fully trusting God with everything.} | ||
| 546 | _aEnglish | ||
| 650 | _aSpirituality | ||
| 650 | _aChristian Living | ||
| 700 | _aBO SANCHEZ | ||
| 942 |
_2ddc _cPROF. _hProf. _n0 |
||
| 999 |
_c7726 _d7726 |
||